000 00582nab a2200181 4500
999 _c372364
_d372364
001 90031
003 OSt
005 20230414113303.0
007 tu
008 110905s2000|||||||
040 _aDE-2950
_cDE-2950
245 0 0 _aStadtbrücke erstrahlt bald wieder.
_bBeleuchtung. Die Energiesparverordnung des Bundes endet Mitte April. Damit sind auch die abendlichen Lichteffekte wieder erlaubt.
264 _c2023
653 _aFrankfurt (Oder)
653 _aStadtbrücke
773 0 _g34. Jahrgang (2023) Nr. 86, 13.04.2023, S. 13: mit Foto
_tMärkische Oderzeitung
942 _2z
_cA